000 00532nam a2200217Ia 4500
003 OSt
005 20220928144838.0
006 a|||||r|||| 00| 0
007 ta
008 220927b |||||||| |||| 00| 0 eng d
024 _a76366
037 _cTextual
040 _aSDCL
_cSDCL
_beng
041 _2eng
_aeng
082 _aS:55, K7
100 _aDe Chardin Pierre Teilhard
_9485261
245 0 _aOn love.
260 _c1967
942 _hS:55, K7
_cTEXL
_2CC
999 _c829911
_d829911